Михайловская пушкиниана. Вып. 78: Невидимый камертон (Запись № 11866417)
[ простой вид ]
| 000 -МАРКЕР | |
|---|---|
| контрольное поле | 02119nam2a2200301 4500 |
| 001 - ИДЕНТИФИКАТОР ЗАПИСИ | |
| контрольное поле | RU\NLR\PER_A\002533303_000710 |
| 005 - ИДЕНТИФИКАТОР ВЕРСИИ | |
| контрольное поле | 20250624032714.0 |
| 010 ## - МЕЖДУНАРОДНЫЙ СТАНДАРТНЫЙ НОМЕР КНИГИ (ISBN) | |
| Номер (ISBN) | 978-5-94595-105-1 |
| Тираж | 300 |
| 035 ## - ДРУГИЕ СИСТЕМНЫЕ НОМЕРА | |
| Идентификатор записи | (NLR Aleph) 012429239 |
| 100 ## - ДАННЫЕ ОБЩЕЙ ОБРАБОТКИ | |
| Данные общей обработки | 20201209d2020 |||y0rusy50 ca |
| 101 0# - ЯЗЫК РЕСУРСА | |
| Язык текста, звукозаписи и т.д. | русский |
| 102 ## - СТРАНА ПУБЛИКАЦИИ ИЛИ ПРОИЗВОДСТВА | |
| Страна публикации | Российская Федерация |
| 200 1# - ЗАГЛАВИЕ И СВЕДЕНИЯ ОБ ОТВЕТСТВЕННОСТИ | |
| Основное заглавие | Невидимый камертон |
| Сведения, относящиеся к заглавию | материалы Февральских музейных чтений памяти С.С. Гейченко (2019-2020) |
| 210 ## - ПУБЛИКАЦИЯ, РАСПРОСТРАНЕНИЕ И ДР. | |
| Дата издания, распространения и т.д. | 2020 |
| Место издания, распространения и т.д. | Б. м. |
| 215 ## - ФИЗИЧЕСКАЯ ХАРАКТЕРИСТИКА | |
| Специфическое обозначение материала и объем | 255 с. |
| Другие сведения о физической характеристике | ил., портр. |
| Размеры | 20 |
| 320 ## - ПРИМЕЧАНИЯ О НАЛИЧИИ В ДОКУМЕНТЕ БИБЛИОГРАФИИ / УКАЗАТЕЛЯ | |
| Текст примечания | Библиогр. в конце ст. |
| 461 #0 - УРОВЕНЬ НАБОРА | |
| Встроенное поле | 001RU\NLR\INFOCOMM33\1000079839 |
| -- | 2001#$aМихайловская пушкиниана$eСб. науч. сотр. Музея-заповедника А.С. Пушкина "Михайловское"$fГос. мемор. ист.-лит. и природ.-ландшафт. музей-заповедник А.С. Пушкина "Михайловское"$vВып. 78 |
| Системный номер (АБИС) связанной записи | 2868725 |
| Место публикации | М. |
| Дата публикации | 1996 - |
| Первые сведения об ответственности | Гос. мемор. ист.-лит. и природ.-ландшафт. музей-заповедник А.С. Пушкина "Михайловское" |
| Сведения, относящиеся к заглавию | Сб. науч. сотр. Музея-заповедника А.С. Пушкина "Михайловское" |
| Заглавие | Михайловская пушкиниана |
| Номер тома | Вып. 78 |
| 600 #1 - ИМЯ ЛИЦА КАК ПРЕДМЕТ | |
| Начальный элемент ввода | Гейченко |
| Часть имени, кроме начального элемента ввода | С.С. |
| Даты | 1903 - 1993 |
| Расширение инициалов личного имени | Семен Степанович |
| Формальный подзаголовок | Съезды, совещания и т.п |
| Системный номер авторитетной/нормативной записи | 1378566 |
| Идентификатор авторитетной/нормативной записи | RU\NLR\AUTH\66264624 |
| 686 2# - ИНДЕКСЫ ДРУГИХ КЛАССИФИКАЦИЙ | |
| Индекс | Ш5(2=Р)51-4Пушкин.л6 |
| 711 12 - НАИМЕНОВАНИЕ ОРГАНИЗАЦИИ - АЛЬТЕРНАТИВНАЯ ОТВЕТСТВЕННОСТЬ | |
| Начальный элемент ввода | Февральские музейные чтения памяти С. С. Гейченко |
| Порядковый номер временной организации и / или порядковый номер ее части | 22 |
| Место проведения временной организации | с. Михайловское, Псковская обл. |
| Дата проведения временной организации | 2019 |
| Системный номер авторитетной/нормативной записи | 729828 |
| Идентификатор авторитетной/нормативной записи | RU\NLR\AUTH\880533628 |
| 711 12 - НАИМЕНОВАНИЕ ОРГАНИЗАЦИИ - АЛЬТЕРНАТИВНАЯ ОТВЕТСТВЕННОСТЬ | |
| Начальный элемент ввода | Февральские музейные чтения памяти С. С. Гейченко |
| Порядковый номер временной организации и / или порядковый номер ее части | 23 |
| Место проведения временной организации | с. Михайловское, Псковская обл. |
| Дата проведения временной организации | 2020 |
| Системный номер авторитетной/нормативной записи | 729832 |
| Идентификатор авторитетной/нормативной записи | RU\NLR\AUTH\880533630 |
| 852 ## - МЕСТОНАХОЖДЕНИЕ И ШИФР ХРАНЕНИЯ | |
| Идентификатор организации | NLR |
| Шифр хранения (Call Number) | П34/1237 |
| 942 ## - ДОПОЛНИТЕЛЬНЫЕ ЭЛЕМЕНТЫ ЗАПИСИ (АБИС) | |
| Тип экземпляра АБИС | Выпуск |
| 980 ## - КОЛЛЕКЦИЯ | |
| Название коллекции | Национальная библиография |
| 980 ## - КОЛЛЕКЦИЯ | |
| Название коллекции | Русская периодика |
Нет доступных экземпляров.